Culture Générale - Série 1576 - Statistiques

Statistiques générales
  • Ce quiz a été pris 108 fois
  • Le résultat moyen est 6 sur 10
Statistiques - réponses
Question Réponse % Correct
Dans quel pays se trouve la ville de pèlerinage Saint-Jacques-de-Compostelle ? Espagne
96%
Selon la coutume, avec quel légume évidé les enfants fabriquent-ils des lanternes pour Halloween ? citrouille
94%
De quel pays est originaire un Helvète d'aujourd'hui ? Suisse
94%
Quel mot désigne à la fois une corde très mince et un type de pain fin et allongé ? ficelle
88%
Sur quel pays la dynastie Pahlavi, fondée par Reza Chah, a-t-elle régné de 1925 à 1979 ? Iran
76%
Comment appelle-t-on l'art qui consiste à orner de lettres peintes ou de miniatures, d'anciens manuscrits ou des livres religieux ? enluminure
61%
Quel nom porte l'échelle qui sert à mesurer la force du vent ? échelle de Beaufort
48%
Quel homme politique américain fut président des États-Unis de 1801 à 1809 ? Thomas Jefferson
39%
Quel roi de France, petit-fils de Saint Louis, a détruit l'Ordre des Templiers ? Philippe le Bel
38%
A quel inventeur belge doit-on l'invention de la dynamo industrielle en 1869 ? Zénobe Gramme
7%
Aucun quiz correspondant
Distribution des résultats
% des personnes avec chaque résultat
Percentile par nombre de réponses
Votre historique - résultats
Vous n’avez pas pris ce quiz